000 00331 a2200157 4500
001 67905
020 _a9781107467828
040 _cAnchieta - Pituba
100 _aAnderson, Vicki
240 1 0 _aEyes open 4
_lpor
245 1 0 _aEyes open 4
300 _a103
362 0 _a2015
650 4 _aInglês e inglês antigo
942 _cBK
999 _c67905
_d67905